[Event "Barcelona Sant Marti op 11th"]
[Site "Barcelona"]
[Date "2024.02.22"]
[Round "7"]
[White "Camacho Alvarez, Pablo"]
[Black "Ballester Valls, Juan Antonio"]
[Result "1/2-1/2"]
[WhiteElo "1738"]
[BlackElo "1635"]
[PlyCount "125"]
[EventDate "2024.01.11"]
[EventType "swiss"]
[EventRounds "9"]
[EventCountry "ESP"]
[SourceTitle "CB11_2024"]
[SourceDate "2024.03.13"]
[SourceVersion "1"]
[SourceVersionDate "2024.03.13"]
[SourceQuality "1"]

1. d4 Nf6 2. c4 e6 3. g3 Bb4+ 4. Bd2 Qe7 5. a3 Bxd2+ 6. Qxd2 d5 7. cxd5 exd5 8. Nc3 0-0 9. Nf3 c6 10. Bg2 h6 11. 0-0 Bf5 12. Ne5 Nbd7 13. Nxd7 Qxd7 14. Rfe1 Rfe8 15. f3 Rad8 16. Rad1 Re7 17. e4 dxe4 18. fxe4 Bg4 19. Rc1 Qxd4+ 20. Qxd4 Rxd4 21. h3 Be6 22. Rcd1 Red7 23. Kf2 Rxd1 24. Rxd1 Rxd1 25. Nxd1 a5 26. Ke3 Bb3 27. Nc3 Nd7 28. h4 Ne5 29. Kd2 b5 30. Ne2 c5 31. Kc3 Bd1 32. Nf4 b4+ 33. axb4 axb4+ 34. Kd2 Bb3 35. Nd3 Nxd3 36. Kxd3 f6 37. e5 f5 38. Bc6 Kf7 39. Bd7 Be6 40. Bb5 g5 41. h5 Ke7 42. Ba6 Kd7 43. Bb5+ Ke7 44. Ba6 f4 45. gxf4 gxf4 46. Ke4 c4 47. Kxf4 c3 48. bxc3 bxc3 49. Ke3 c2 50. Kd2 Bf5 51. Bc4 Be6 52. Bd3 Bb3 53. Bxc2 Bxc2 54. Kxc2 Ke6 55. Kd3 Kxe5 56. Ke3 Kf5 57. Kf3 Kg5 58. Kg3 Kxh5 59. Kh3 Kg5 60. Kg3 h5 61. Kh3 h4 62. Kh2 Kg4 63. Kg2 1/2-1/2

[Event "Barcelona Sant Marti op 11th"]
[Site "Barcelona"]
[Date "2024.02.15"]
[Round "6"]
[White "Ballester Valls, Juan Antonio"]
[Black "Arilla Santos, Eduardo"]
[Result "1/2-1/2"]
[WhiteElo "1635"]
[BlackElo "1840"]
[PlyCount "56"]
[EventDate "2024.01.11"]
[EventType "swiss"]
[EventRounds "9"]
[EventCountry "ESP"]
[SourceTitle "CB11_2024"]
[SourceDate "2024.03.13"]
[SourceVersion "1"]
[SourceVersionDate "2024.03.13"]
[SourceQuality "1"]

1. Nf3 d5 2. d4 c5 3. c4 dxc4 4. d5 Nf6 5. Nc3 e6 6. e4 exd5 7. exd5 a6 8. a4 Bd6 9. Bxc4 0-0 10. 0-0 h6 11. h3 Nbd7 12. a5 Ne5 13. Nxe5 Bxe5 14. Be3 Bd6 15. Qf3 Qc7 16. Ne4 Nxe4 17. Qxe4 f5 18. Qh4 f4 19. Bxf4 Kh8 20. Bxd6 Qxd6 21. f4 Bd7 22. Rae1 Rae8 23. Re5 Rxe5 24. fxe5 Rxf1+ 25. Kxf1 Qxe5 26. Qd8+ Be8 27. Be2 Qf4+ 28. Bf3 Qc1+ 1/2-1/2

[Event "Barcelona Sant Marti op-B 23rd"]
[Site "Barcelona"]
[Date "2023.07.16"]
[Round "4"]
[White "Arjona Bereza, Roman"]
[Black "Ballester Valls, Juan Antonio"]
[Result "0-1"]
[WhiteElo "1356"]
[BlackElo "1639"]
[PlyCount "26"]
[EventDate "2023.07.13"]
[EventType "swiss"]
[EventRounds "9"]
[EventCountry "ESP"]
[SourceTitle "CBM 215 Extra"]
[Source "ChessBase"]
[SourceDate "2023.09.30"]
[SourceVersion "1"]
[SourceVersionDate "2023.09.30"]
[SourceQuality "1"]

1. e4 c5 2. Nf3 e6 3. Nc3 a6 4. d4 cxd4 5. Qxd4 Nc6 6. Qd1 Qc7 7. g3 b5 8. Bf4 d6 9. Bg2 Bb7 10. e5 dxe5 11. Nxe5 Nxe5 12. Bxb7 Qxb7 13. Rg1 Nf3+ 0-1

[Event "Foment Martinenc op-B 21st"]
[Site "Barcelona"]
[Date "2019.05.04"]
[Round "2"]
[White "Oliver Monfort, Sergio"]
[Black "Ballester Valls, Juan Antonio"]
[Result "1/2-1/2"]
[WhiteElo "1822"]
[BlackElo "1571"]
[PlyCount "89"]
[EventDate "2019.04.27"]
[EventType "swiss"]
[EventRounds "9"]
[EventCountry "ESP"]
[SourceTitle "EXT 2020"]
[Source "ChessBase"]
[SourceDate "2019.10.17"]
[SourceVersion "1"]
[SourceVersionDate "2019.10.17"]
[SourceQuality "1"]

1. e4 e6 2. Qe2 Nf6 3. c3 d5 4. exd5 Qxd5 5. d4 c5 6. Be3 cxd4 7. Bxd4 Be7 8. Nf3 Nc6 9. g3 Nxd4 10. cxd4 Bd7 11. Bg2 0-0 12. Nc3 Bb4 13. a3 Bxc3+ 14. bxc3 Rac8 15. Nh4 Qb3 16. Qd2 Bc6 17. 0-0 Bxg2 18. Nxg2 Qxc3 19. Qf4 Rfd8 20. Rfc1 Qd3 21. Ne1 Qe4 22. Qd6 h6 23. Rxc8 Rxc8 24. Qb4 Qc6 25. Nd3 Nd5 26. Qd2 Qc3 27. Qxc3 Rxc3 28. Ne5 f6 29. Nd7 b6 30. Re1 Kf7 31. a4 Rc4 32. a5 Rxd4 33. axb6 axb6 34. Ra1 Kg6 35. Ra7 Kf5 36. Rb7 Rb4 37. Nf8 g5 38. Rh7 Kg4 39. Kg2 Rb2 40. h3+ Kf5 41. g4+ Ke4 42. Nxe6 Ne3+ 43. Kg3 Nf1+ 44. Kg2 Ne3+ 45. Kg3 1/2-1/2

[Event "Barcelona Vila de Gracia Seniors 55+ op"]
[Site "Barcelona"]
[Date "2018.03.05"]
[Round "1"]
[White "Ballester Valls, Juan Antonio"]
[Black "Montell Zabay, Albert"]
[Result "0-1"]
[WhiteElo "1559"]
[BlackElo "1969"]
[PlyCount "100"]
[EventDate "2018.03.05"]
[EventType "swiss"]
[EventRounds "9"]
[EventCountry "ESP"]
[SourceTitle "EXT 2019"]
[Source "ChessBase"]
[SourceDate "2018.10.10"]
[SourceVersion "1"]
[SourceVersionDate "2018.10.10"]
[SourceQuality "1"]

1. Nf3 Nf6 2. c4 g6 3. Nc3 Bg7 4. e4 d6 5. d4 0-0 6. h3 c5 7. d5 e6 8. Be2 exd5 9. cxd5 Re8 10. Nd2 a6 11. a4 Nbd7 12. 0-0 Rb8 13. a5 b5 14. axb6 Nxb6 15. Qc2 Nfxd5 16. exd5 Bxc3 17. Bf3 Bg7 18. Ra3 Bb7 19. Nc4 Nxc4 20. Qxc4 Bc8 21. Rb3 Bd7 22. Rxb8 Qxb8 23. Qc2 Bf5 24. Qa4 Bd3 25. Rd1 Qb5 26. Qxb5 Bxb5 27. b3 f5 28. Be3 Kf7 29. Rd2 Ke7 30. Be2 Rb8 31. Bxb5 axb5 32. Bg5+ Kd7 33. Ra2 Rb7 34. Re2 Be5 35. f4 Bd4+ 36. Kh2 c4 37. Re7+ Kc8 38. Re8+ Kd7 39. Re7+ Kc8 40. Re8+ Kc7 41. Bd8+ Kd7 42. Re7+ Kxd8 43. Rxb7 c3 44. Rb8+ Kd7 45. Rb7+ Kd8 46. Rb8+ Kc7 47. Re8 c2 48. Re1 Bb2 49. Re7+ Kd8 50. Rxh7 c1Q 0-1

[Event "Barcelona Ideal Clave op 21st"]
[Site "Barcelona"]
[Date "2017.11.18"]
[Round "7"]
[White "Vargas Drechsler, Carlos"]
[Black "Ballester Valls, Juan Antonio"]
[Result "1-0"]
[WhiteElo "1923"]
[BlackElo "1673"]
[PlyCount "107"]
[EventDate "2017.09.30"]
[EventType "swiss"]
[EventRounds "8"]
[EventCountry "ESP"]
[SourceTitle "CBM 181 Extra"]
[Source "ChessBase"]
[SourceDate "2017.12.12"]
[SourceVersion "1"]
[SourceVersionDate "2017.12.12"]
[SourceQuality "1"]

1. d4 Nf6 2. Nf3 e6 3. c4 Bb4+ 4. Bd2 Qe7 5. g3 Nc6 6. Bg2 Bxd2+ 7. Nbxd2 d6 8. 0-0 0-0 9. a3 a5 10. Qb3 e5 11. d5 Na7 12. e3 Bd7 13. Qc2 c5 14. Rae1 Nh5 15. Nh4 f5 16. e4 g6 17. f4 Ng7 18. fxe5 dxe5 19. exf5 Nxf5 20. Nxf5 Bxf5 21. Qc3 Rfe8 22. Ne4 Nc8 23. d6 Nxd6 24. Nxc5 e4 25. g4 Bxg4 26. Bxe4 Qg5 27. Qe3 Nxe4 28. Nxe4 Qxe3+ 29. Rxe3 Bf5 30. Nf6+ Kf7 31. Nxe8 Rxe8 32. Rxe8 Kxe8 33. Re1+ Kd7 34. Re5 b6 35. Kf2 Be6 36. a4 Kd6 37. Rb5 Kc6 38. Ke3 Bf5 39. Kd4 Bc2 40. Kc3 Bf5 41. Re5 Kd6 42. Re8 h5 43. b4 axb4+ 44. Kxb4 Kc6 45. h4 Kb7 46. Rf8 Kc6 47. Rf6+ Kc7 48. c5 bxc5+ 49. Kxc5 Bc2 50. Rf7+ Kd8 51. a5 Ba4 52. a6 Be8 53. Rf8 Ke7 54. Rxe8+ 1-0

[Event "Barcelona Ideal Clave op 21st"]
[Site "Barcelona"]
[Date "2017.10.21"]
[Round "3"]
[White "Ballester Valls, Juan Antonio"]
[Black "Romero Gamez, Francisco Javier"]
[Result "1/2-1/2"]
[WhiteElo "1673"]
[BlackElo "1548"]
[PlyCount "66"]
[EventDate "2017.09.30"]
[EventType "swiss"]
[EventRounds "8"]
[EventCountry "ESP"]
[SourceTitle "CBM 181 Extra"]
[Source "ChessBase"]
[SourceDate "2017.12.12"]
[SourceVersion "1"]
[SourceVersionDate "2017.12.12"]
[SourceQuality "1"]

1. Nf3 Nf6 2. c4 g6 3. Nc3 Bg7 4. e4 d6 5. d4 0-0 6. h3 Nbd7 7. Bg5 c5 8. d5 a6 9. a4 Qb6 10. Qc2 Re8 11. Bd3 Nf8 12. 0-0 e5 13. Rab1 a5 14. Be3 Bd7 15. Nd2 Qc7 16. f4 b6 17. fxe5 Rxe5 18. Bf4 Ree8 19. Nb5 Bxb5 20. cxb5 N8d7 21. Nc4 Ne5 22. Nxe5 dxe5 23. Bg5 Nd7 24. Bc4 Qd6 25. Qf2 f6 26. Be3 Rac8 27. g4 Rf8 28. Qg2 Rce8 29. Rf3 Rc8 30. Rbf1 Rce8 31. h4 Rc8 32. h5 g5 33. Qh3 h6 1/2-1/2

[Event "Barcelona Vila Gracia Seniors 55 op 4th"]
[Site "Barcelona"]
[Date "2017.03.06"]
[Round "1.7"]
[White "Ballester Valls, Juan Antonio"]
[Black "Monedero Gonzalez, Josep"]
[Result "0-1"]
[WhiteElo "1695"]
[BlackElo "1987"]
[PlyCount "80"]
[EventDate "2017.03.06"]
[EventType "swiss"]
[EventRounds "9"]
[EventCountry "ESP"]
[SourceTitle "EXT 2024"]
[Source "ChessBase"]
[SourceDate "2023.10.10"]
[SourceVersion "1"]
[SourceVersionDate "2023.10.10"]
[SourceQuality "1"]

1. Nf3 Nf6 2. c4 g6 3. Nc3 Bg7 4. e4 d6 5. d4 0-0 6. h3 Nc6 7. Be2 e5 8. dxe5 Nxe5 9. Nxe5 dxe5 10. Be3 a6 11. a4 Qe7 12. Nd5 Nxd5 13. cxd5 Qb4+ 14. Qd2 Qxe4 15. Bf3 Qc4 16. Be2 Qh4 17. Bg5 Qd4 18. 0-0 Qxd2 19. Bxd2 Rd8 20. Bc4 b6 21. Bc3 Bb7 22. Rad1 Rd7 23. Rfe1 Re8 24. f3 Kh8 25. b4 Rde7 26. d6 cxd6 27. Rxd6 Rc8 28. Red1 Rxc4 29. Rd8+ Bf8 30. Bd2 Kg7 31. Rxf8 Rd4 32. Rb8 Red7 33. Kf1 Bd5 34. Ke2 Bb3 35. Bc3 Bxd1+ 36. Ke1 R4d5 37. Rxb6 Bb3 38. Kf2 Rc7 39. Be1 Rc2+ 40. Kg3 Rd1 0-1

[Event "Barcelona La Lira-B 15th"]
[Site "Barcelona"]
[Date "2012.07.29"]
[Round "9"]
[White "Ballester Valls, Juan Antonio"]
[Black "Rodriguez Batuecas, Jordi"]
[Result "0-1"]
[WhiteElo "1631"]
[BlackElo "1615"]
[PlyCount "94"]
[EventDate "2012.07.21"]
[EventType "tourn"]
[EventRounds "9"]
[EventCountry "ESP"]
[SourceTitle "EXT 2014"]
[Source "ChessBase"]
[SourceDate "2013.11.20"]
[SourceVersion "1"]
[SourceVersionDate "2013.11.20"]
[SourceQuality "1"]

1. c4 e5 2. Nc3 Nc6 3. e3 g6 4. d4 exd4 5. exd4 Bg7 6. Nf3 d6 7. Be3 Nge7 8. d5 Ne5 9. Nxe5 dxe5 10. g4 f5 11. gxf5 Bxf5 12. Bd3 0-0 13. Ne4 Bxe4 14. Bxe4 Nf5 15. Bc5 Nd6 16. Bxd6 Qxd6 17. Qd2 Rf4 18. f3 Bh6 19. Qa5 b6 20. Qb5 a6 21. Qa4 Bf8 22. Ke2 a5 23. Qc6 Qxc6 24. dxc6 Kg7 25. Rad1 Bd6 26. Rd3 Kf6 27. Rhd1 Ke7 28. a3 Rh4 29. h3 Rxh3 30. b4 axb4 31. axb4 Ra2+ 32. Ke3 Rhh2 33. Rxd6 Rhe2+ 34. Kd3 Kxd6 35. Kc3+ Ke7 36. Rd7+ Ke8 37. c5 b5 38. Kb3 Rab2+ 39. Kc3 Rg2 40. Rxc7 h5 41. Rh7 Kd8 42. c7+ Kc8 43. Rg7 Rbe2 44. Bxg6 Re3+ 45. Bd3 Rxg7 46. Kd2 Rxd3+ 47. Kxd3 h4 0-1

[Event "Barcelona La Lira-B 15th"]
[Site "Barcelona"]
[Date "2012.07.28"]
[Round "8"]
[White "Ramos Alvarez, Maximo"]
[Black "Ballester Valls, Juan Antonio"]
[Result "1/2-1/2"]
[WhiteElo "1870"]
[BlackElo "1631"]
[PlyCount "27"]
[EventDate "2012.07.21"]
[EventType "tourn"]
[EventRounds "9"]
[EventCountry "ESP"]
[SourceTitle "EXT 2014"]
[Source "ChessBase"]
[SourceDate "2013.11.20"]
[SourceVersion "1"]
[SourceVersionDate "2013.11.20"]
[SourceQuality "1"]

1. e4 c5 2. d4 cxd4 3. c3 dxc3 4. Nxc3 Nc6 5. Bc4 e6 6. Nf3 a6 7. a4 Nge7 8. Qe2 Ng6 9. 0-0 Be7 10. Be3 0-0 11. Rfd1 d6 12. Rab1 Bd7 13. b4 Rc8 14. Ba2 1/2-1/2

[Event "Barcelona La Lira-B 15th"]
[Site "Barcelona"]
[Date "2012.07.25"]
[Round "5"]
[White "Ballester Valls, Juan Antonio"]
[Black "Dougas Chavarria, Nestor"]
[Result "1/2-1/2"]
[WhiteElo "1631"]
[BlackElo "1633"]
[PlyCount "94"]
[EventDate "2012.07.21"]
[EventType "tourn"]
[EventRounds "9"]
[EventCountry "ESP"]
[SourceTitle "EXT 2014"]
[Source "ChessBase"]
[SourceDate "2013.11.20"]
[SourceVersion "1"]
[SourceVersionDate "2013.11.20"]
[SourceQuality "1"]

1. c4 c6 2. d4 d5 3. cxd5 cxd5 4. Bf4 Nf6 5. e3 Bf5 6. Nc3 a6 7. Bd3 Bxd3 8. Qxd3 e6 9. Nf3 Nc6 10. Rc1 Qb6 11. 0-0 Qxb2 12. Rb1 Nb4 13. Rxb2 Nxd3 14. Rxb7 Nxf4 15. exf4 Bd6 16. Ne5 0-0 17. Rfb1 Rab8 18. Rxb8 Rxb8 19. Rxb8+ Bxb8 20. f5 exf5 21. Nc6 Bd6 22. f3 Kf8 23. h3 Ke8 24. g4 fxg4 25. hxg4 g5 26. Nd1 Kd7 27. Na5 Bb4 28. Nb3 Ne8 29. Ne3 Ke6 30. Kf2 Nd6 31. Nc5+ Bxc5 32. dxc5 d4 33. Nc2 Nb5 34. a4 d3 35. Nb4 Nc3 36. Nxd3 Nxa4 37. Ke3 f5 38. Kd4 fxg4 39. fxg4 h5 40. gxh5 Kf5 41. Kc4 g4 42. c6 Kg5 43. Kb4 Nb6 44. Ka5 Nc8 45. Nf2 Kxh5 46. Nxg4 Kxg4 47. Kxa6 Kf5 1/2-1/2

[Event "Barcelona La Lira-B 15th"]
[Site "Barcelona"]
[Date "2012.07.24"]
[Round "4"]
[White "Lopez Mayoral, Miguel Angel"]
[Black "Ballester Valls, Juan Antonio"]
[Result "1-0"]
[WhiteElo "1654"]
[BlackElo "1631"]
[PlyCount "79"]
[EventDate "2012.07.21"]
[EventType "tourn"]
[EventRounds "9"]
[EventCountry "ESP"]
[SourceTitle "EXT 2014"]
[Source "ChessBase"]
[SourceDate "2013.11.20"]
[SourceVersion "1"]
[SourceVersionDate "2013.11.20"]
[SourceQuality "1"]

1. e4 c5 2. Nf3 e6 3. c3 d5 4. e5 Nc6 5. d4 Qb6 6. Be2 Bd7 7. 0-0 Rc8 8. a3 cxd4 9. cxd4 Nge7 10. b4 Ng6 11. Be3 Be7 12. Nbd2 Qd8 13. Nb3 b6 14. b5 Nb8 15. a4 0-0 16. Qd2 f6 17. exf6 Bxf6 18. Bg5 Be8 19. Rfe1 Nd7 20. Bd3 Bf7 21. Bxg6 Bxg6 22. Rxe6 Rc2 23. Qe3 Be4 24. Bxf6 Nxf6 25. h3 Nh5 26. Nbd2 Rxd2 27. Nxd2 Nf4 28. Nxe4 dxe4 29. Rxe4 Qg5 30. Qg3 Qxg3 31. fxg3 Nd3 32. Rf1 Rc8 33. Re7 Nc5 34. Rxa7 Nd3 35. Rb7 Nb2 36. Rxb6 Nxa4 37. Rc6 Re8 38. b6 Rb8 39. b7 Re8 40. Rc8 1-0

[Event "Barcelona La Lira op-B 14th"]
[Site "Barcelona"]
[Date "2011.07.31"]
[Round "9"]
[White "Diez Mauricio, Sergio"]
[Black "Ballester Valls, Juan Antonio"]
[Result "1/2-1/2"]
[WhiteElo "1612"]
[BlackElo "1593"]
[PlyCount "34"]
[EventDate "2011.07.23"]
[EventType "swiss"]
[EventRounds "9"]
[EventCountry "ESP"]
[SourceTitle "EXT 2024"]
[Source "ChessBase"]
[SourceDate "2023.10.10"]
[SourceVersion "1"]
[SourceVersionDate "2023.10.10"]
[SourceQuality "1"]

1. c4 c5 2. g3 g6 3. Bg2 Bg7 4. Nc3 Nc6 5. Nf3 e5 6. 0-0 Nge7 7. d3 0-0 8. Bg5 h6 9. Bd2 d6 10. Qc1 Kh7 11. h4 Bg4 12. Nh2 Be6 13. Nd5 Nd4 14. Re1 Nxd5 15. Bxd5 Bxd5 16. cxd5 f5 17. e3 Nb5 1/2-1/2

[Event "Barcelona La Lira op-B 14th"]
[Site "Barcelona"]
[Date "2011.07.28"]
[Round "6"]
[White "Serentill Tost, Eduard"]
[Black "Ballester Valls, Juan Antonio"]
[Result "1-0"]
[WhiteElo "1753"]
[BlackElo "1593"]
[PlyCount "65"]
[EventDate "2011.07.23"]
[EventType "swiss"]
[EventRounds "9"]
[EventCountry "ESP"]
[SourceTitle "EXT 2024"]
[Source "ChessBase"]
[SourceDate "2023.10.10"]
[SourceVersion "1"]
[SourceVersionDate "2023.10.10"]
[SourceQuality "1"]

1. e4 e6 2. d4 d5 3. Nc3 Nf6 4. Bg5 Bb4 5. e5 h6 6. exf6 hxg5 7. fxg7 Rg8 8. h4 Rxg7 9. h5 Qf6 10. Qf3 Qxf3 11. Nxf3 Nc6 12. h6 Rg8 13. 0-0-0 Be7 14. h7 Rh8 15. Rh5 g4 16. Ne5 Nxe5 17. dxe5 Bd7 18. Rd4 0-0-0 19. Rxg4 f5 20. Rg7 Be8 21. Rh3 Bc5 22. f4 Bc6 23. Be2 Bf8 24. Rg6 Bd7 25. g4 c6 26. g5 Kc7 27. Rf6 Bc8 28. Rf7+ Rd7 29. Rxf8 Rhxh7 30. Rxh7 Rxh7 31. g6 Re7 32. Rf7 Kd7 33. g7 1-0

[Event "Barcelona La Lira op-B 14th"]
[Site "Barcelona"]
[Date "2011.07.27"]
[Round "5"]
[White "Ballester Valls, Juan Antonio"]
[Black "Dougas Chavarria, Nestor"]
[Result "0-1"]
[WhiteElo "1593"]
[BlackElo "1573"]
[PlyCount "66"]
[EventDate "2011.07.23"]
[EventType "swiss"]
[EventRounds "9"]
[EventCountry "ESP"]
[SourceTitle "EXT 2024"]
[Source "ChessBase"]
[SourceDate "2023.10.10"]
[SourceVersion "1"]
[SourceVersionDate "2023.10.10"]
[SourceQuality "1"]

1. Nf3 Nf6 2. c4 e6 3. Nc3 d5 4. e3 c6 5. b3 Nbd7 6. Bb2 g6 7. d4 Bg7 8. Bd3 0-0 9. 0-0 a6 10. c5 b5 11. cxb6 Qxb6 12. Na4 Qc7 13. Rc1 Nb6 14. Nc5 Nfd7 15. Qd2 e5 16. dxe5 Nxe5 17. Nxe5 Bxe5 18. Bxe5 Qxe5 19. Qc3 Qg5 20. Kh1 h5 21. e4 h4 22. h3 f5 23. exf5 gxf5 24. Qe5 Qh6 25. Rfe1 Ra7 26. Qb8 Rg7 27. Qxb6 f4 28. Bxa6 f3 29. Bxc8 Rxg2 30. Be6+ Kh8 31. Nd7 Qf4 32. Qd4+ Qxd4 33. Rg1 Qxf2 0-1

[Event "Barcelona La Lira op-B 14th"]
[Site "Barcelona"]
[Date "2011.07.24"]
[Round "2"]
[White "Guimera Pons, Ramon"]
[Black "Ballester Valls, Juan Antonio"]
[Result "1-0"]
[WhiteElo "1675"]
[BlackElo "1593"]
[PlyCount "111"]
[EventDate "2011.07.23"]
[EventType "swiss"]
[EventRounds "9"]
[EventCountry "ESP"]
[SourceTitle "EXT 2024"]
[Source "ChessBase"]
[SourceDate "2023.10.10"]
[SourceVersion "1"]
[SourceVersionDate "2023.10.10"]
[SourceQuality "1"]

1. e4 e6 2. d4 d5 3. Nd2 Nf6 4. Bd3 c5 5. c3 cxd4 6. cxd4 dxe4 7. Nxe4 Nc6 8. Nf3 Bb4+ 9. Nc3 Nd5 10. Qc2 h6 11. a3 Be7 12. 0-0 a6 13. Qe2 Qc7 14. Bd2 0-0 15. Rfe1 Nf4 16. Qe4 Nxd3 17. Qxd3 Bf6 18. Ne4 Be7 19. Rac1 Qd7 20. Bc3 b5 21. b4 Bb7 22. Qe3 Rad8 23. Nc5 Bxc5 24. dxc5 Qd3 25. Qf4 Rfe8 26. Qg3 Qg6 27. Qf4 Ne7 28. Qg3 Qxg3 29. hxg3 Nf5 30. Rcd1 f6 31. g4 Bxf3 32. Rxd8 Rxd8 33. gxf5 Bg4 34. fxe6 Rd1 35. Rxd1 Bxd1 36. f4 Kf8 37. Kf2 Bg4 38. Ke3 Bxe6 39. Kd4 Bc4 40. c6 Ke7 41. Kc5 Be6 42. Kb6 Bc8 43. c7 Kd6 44. Bd4 Kd7 45. Bc5 h5 46. f5 Ke8 47. Bd6 Kf7 48. Ka7 h4 49. Kb8 Bxf5 50. c8Q Bxc8 51. Kxc8 Ke6 52. Bc7 Kd5 53. Kb7 f5 54. Kxa6 Kc6 55. Bf4 g6 56. Bg5 1-0

[Event "Barcelona La Lira Spring op 3rd"]
[Site "Barcelona"]
[Date "2010.06.03"]
[Round "8.11"]
[White "Ballester Valls, Juan Antonio"]
[Black "Severri Arrese, Carlos"]
[Result "0-1"]
[WhiteElo "1900"]
[BlackElo "1925"]
[PlyCount "54"]
[EventDate "2010.04.15"]
[EventType "swiss"]
[EventRounds "8"]
[EventCountry "ESP"]
[SourceTitle "EXT 2024"]
[Source "ChessBase"]
[SourceDate "2023.10.10"]
[SourceVersion "1"]
[SourceVersionDate "2023.10.10"]
[SourceQuality "1"]

1. c4 d6 2. Nc3 Nc6 3. d4 e5 4. d5 Nce7 5. e4 g6 6. Bd3 Nf6 7. h3 Bg7 8. Nf3 0-0 9. b4 h6 10. Be3 c6 11. Rc1 Bd7 12. 0-0 Nh5 13. Qd2 g5 14. Nxg5 hxg5 15. Bxg5 f6 16. Be3 Qe8 17. g4 Nf4 18. Bxf4 exf4 19. Qxf4 Ng6 20. Qg3 Qe5 21. f4 Nxf4 22. Rxf4 Bh6 23. Ne2 a5 24. Rf3 Bxc1 25. Qxe5 fxe5 26. Rxf8+ Kxf8 27. Nxc1 axb4 0-1

[Event "Barcelona La Lira Spring op 3rd"]
[Site "Barcelona"]
[Date "2010.05.13"]
[Round "5.13"]
[White "Ballester Valls, Juan Antonio"]
[Black "Ibanez Riquelme, Sergio"]
[Result "0-1"]
[WhiteElo "1900"]
[BlackElo "1729"]
[PlyCount "56"]
[EventDate "2010.04.15"]
[EventType "swiss"]
[EventRounds "8"]
[EventCountry "ESP"]
[SourceTitle "EXT 2024"]
[Source "ChessBase"]
[SourceDate "2023.10.10"]
[SourceVersion "1"]
[SourceVersionDate "2023.10.10"]
[SourceQuality "1"]

1. c4 e5 2. Nc3 Nc6 3. g3 Nf6 4. Bg2 Bc5 5. e3 0-0 6. Nge2 a6 7. 0-0 Ne7 8. d4 exd4 9. exd4 Ba7 10. Bg5 Ng6 11. Nd5 c6 12. Nxf6+ gxf6 13. Bh6 Re8 14. Nc3 d6 15. f4 f5 16. Qd3 Qb6 17. Rfd1 Be6 18. Na4 Qb4 19. b3 Qa5 20. Kf1 Rad8 21. d5 cxd5 22. Bxd5 b5 23. cxb5 axb5 24. Nc3 Qb6 25. Kg2 Qf2+ 26. Kh1 Bxd5+ 27. Nxd5 Re2 28. Ne7+ Nxe7 0-1